Normal view
MARC view
- De Vaucorbeil Katarina
Entry Personal Name
001 - CONTROL NUMBER
- control field: 59735
003 - CONTROL NUMBER IDENTIFIER
- control field:
005 - DATE AND TIME OF LATEST TRANSACTION
- control field: 20230317140952.0
008 - FIXED-LENGTH DATA ELEMENTS
- fixed length control field: 230317|| aca||aabn | a|a d
040 ## - CATALOGING SOURCE
- Original cataloging agency:
- Transcribing agency:
100 ## - HEADING--PERSONAL NAME
- Personal name: De Vaucorbeil Katarina
670 ## - SOURCE DATA FOUND
- Source citation: Work cat.: ()207309: De Vaucorbeil Katarina, Historique du mouvement familial, 1997